000 00564nam a22002177a 4500
003 UA-OsUOA
001 112180
007 ta
008 20150622b un ||||| |||| 00| 0 ukr d
100 _aПросцевічус В.
090 _a82
_bП82
942 _cSA
040 _aUA-OsUOA
_bukr
_cUA-OsUOA
_dUA-OsUOA
245 _aПрирода детективного оповідання
300 _aС.41-49
955 _a0
041 _aukr
080 _a82
773 0 _w112177
650 7 _a82 Література. Літературознавство
_2UDC
999 _c398265
_d398265